Tác động ngược của hoạt động đầu tư nước ngoài tới sự phát triển bền vững ở Việt Nam /
Enregistré dans:
| Auteur principal: | |
|---|---|
| Format: | Article |
| Langue: | Vietnamese |
| Sujets: | |
| Tags: |
Ajouter un tag
Pas de tags, Soyez le premier à ajouter un tag!
|
| Thư viện lưu trữ: | Thư viện Trường Đại học Đà Lạt |
|---|
| LEADER | 00850nam a2200265 4500 | ||
|---|---|---|---|
| 001 | DLU120139151 | ||
| 005 | ##20120802 | ||
| 040 | # | # | |a DLU |b vie |
| 041 | # | # | |a vie |
| 044 | # | # | |a vn |
| 100 | # | # | |a Nguyễn Minh Tuấn, |c ThS. |
| 245 | # | # | |a Tác động ngược của hoạt động đầu tư nước ngoài tới sự phát triển bền vững ở Việt Nam / |c Nguyễn Minh Tuấn. |
| 653 | # | # | |a Đầu tư nước ngoài |
| 653 | # | # | |a Dự án |
| 653 | # | # | |a Phát triển bền vững |
| 773 | # | # | |t Kinh tế và phát triển |g Số 5(155), 2010, tr. 8-11 |
| 920 | # | # | |a Phòng Tạp chí -- Trung tâm Thông tin - Thư viện Trường Đại học Đà Lạt |
| 994 | # | # | |a DLU |
| 900 | # | # | |a True |
| 911 | # | # | |a Nguyễn Thị Linh Chi |
| 925 | # | # | |a G |
| 926 | # | # | |a A |
| 927 | # | # | |a BB |
| 980 | # | # | |a Thư viện Trường Đại học Đà Lạt |